header

Voices of the poor in Colombia (Record no. 47211)

MARC details
000 -LEADER
fixed length control field 01303nam a2200325Ia 4500
082 04 - DEWEY DECIMAL CLASSIFICATION NUMBER
Classification number 362.5/09861
100 1# - MAIN ENTRY--AUTHOR NAME
Personal name Arboleda, Jairo A.,
245 10 - TITLE STATEMENT
Title Voices of the poor in Colombia
260 ## - PUBLICATION, DISTRIBUTION, ETC. (IMPRINT)
Place of publication Washington, DC :
Name of publisher World Bank,
Year of publication 2004.
300 ## - PHYSICAL DESCRIPTION
Number of Pages xiv, 124 p.
650 #0 - SUBJECT ADDED ENTRY--TOPICAL TERM
Topical Term Poverty
Topical Term Poverty
Topical Term Poor
700 1# - ADDED ENTRY--PERSONAL NAME
Personal name Petesch, Patti L.
Personal name Blackburn, James.
856 40 - ELECTRONIC LOCATION AND ACCESS
Uniform Resource Identifier http://site.ebrary.com/lib/rucke/Doc?id=10063420

No items available.

© 2026 Rongo University
Contact us: librarian | system librarian | Rongo university